000 00870nam a22002417a 4500
003 0
005 20241026104815.0
008 241026b xxu||||| |||| 00| 0 eng d
020 _a9781119841784
050 _aN 6490
_b.C66 2024
245 _aA companion to contemporary art in a global framework /
_cedited by Jane Chin Davidson; Amelia Jones.
260 _aHoboken, NJ :
_bWiley-Blackwell,
_c2024.
300 _axxv, 559 p. :
_bcol. ill. ;
_c26 cm.
500 _aWiley Blackwell companions to art history.
504 _aIncludes bibliographical references and index.
650 _aArt, Modern
_y20th century.
650 _aArt, Modern
_y21st century.
650 _aArt and society
_vHistory
_y20th century.
650 _aArt and society
_vHistory
_y21st century.
700 _aDavidson, Jane Chin,
_eeditor.
700 _aJones, Amelia,
_eeditor.
942 _2lcc
_cBK
999 _c366627
_d366627